| 000 | 00676nam a22002057a 4500 | ||
|---|---|---|---|
| 005 | 20180123113123.0 | ||
| 010 | _aENG-122138 | ||
| 020 |
_a9788183166980 _c495.00 |
||
| 035 | _aEN-105670 | ||
| 037 | _bDBAD/PUB | ||
| 082 | _a507.1 | ||
| 100 | _aBapat, M.N. | ||
| 245 |
_aPedagogy of science : _cby M.N. Bapat and G.R. Prakash _bfor happy, contented and relevant teachers who can walk with change / |
||
| 260 |
_aNew Delhi _bNeelkamal Publications _c2017 |
||
| 270 |
_a4764/1, 23, Ansari Road, Daryaganj _bNew Delhi _e110002 |
||
| 300 |
_a402p. _c24cm(pbk) _bill. |
||
| 500 | _aincludes index. | ||
| 700 | _dG.R. Prakash | ||
| 942 |
_2ddc _cEN _h507.1 _mBAP |
||
| 999 |
_c149431 _d149431 |
||